Obálka Náhled e-knihy:
PDF Epub
Pro půjčování e-knih musíte být přihlášeni.
Jak si půjčit online?

Říše /

Sci-fi českého autora, zasazená do alternativní historie po vítězství hitlerovského Německa.

Uloženo v:
Hlavní autor: Bureš, Roman, 1975- (Autor)
Médium: E-kniha
Jazyk:Czech
Vydáno: Praha : Epocha s.r.o., 2020
Vydání:První vydání
Edice:Fantastická Epocha
Témata:
Tagy:
Žádné tagy
LEADER 02577nam a2200409 i 4500
001 311178
003 CZ PrSKC
005 20260601215701.0
007 ta
008 200422s2020 xr g 000 f cze
015 |a cnb003215672 
020 |a 9788075572462  |q (brožováno) :  |c Kč 399,00 
035 |a (OCoLC)1200248485 
040 |a ABG001  |b cze  |e rda 
072 7 |a 821.162.3-3  |x Česká próza  |2 Konspekt 
080 |a 821.162.3-31  |2 MRF 
080 |a (0:82-311.9)  |2 MRF 
100 1 |a Bureš, Roman,  |d 1975-  |7 osa2013783496  |4 aut 
245 1 0 |a Říše /  |c Roman Bureš 
250 |a První vydání 
264 1 |a Praha :  |b Epocha s.r.o.,  |c 2020 
300 |a 473 stran ;  |c 18 cm 
336 |a text  |b txt  |2 rdacontent 
337 |a bez média  |b n  |2 rdamedia 
338 |a svazek  |b nc  |2 rdacarrier 
490 1 |a Fantastická Epocha 
520 2 |a Sci-fi českého autora, zasazená do alternativní historie po vítězství hitlerovského Německa.  |b Druhá světová válka skončila vítězstvím nacistického Německa. Ihned v roce 1945 začala stavba Hitlerova valu, známého pod prostým názvem Zeď, který přetnul euroasijský kontinent od severu k jihu. Území na východní straně využívala Luftwaffe jako střelnici. Koktejl jaderných, biologických a chemických zbraní vrátil bývalé Rusko do středověku, zároveň však způsobil nové mutace. A to nejen fyzické, ale také mentální... Podaří se vojákům SEALs unést jednoho výjimečně nadaného jedince? Mohou jeho telekinetické schopnosti zabránit vypuknutí třetí světové války mezi USA a Velkoněmeckou říší? A jak se žije ve stále se zmenšujícím protektorátu Čechy a Morava? Nový vůdce Reinhard Heydrich pokračuje v odsunu zbývajících Slovanů na východ, ale co odsun vlastně znamená - vyhnání za Zeď, nebo rovnou smrt? Nakladatelská anotace. 
655 7 |a české romány  |7 fd133974  |2 czenas 
655 7 |a vědecko-fantastické romány  |7 fd133847  |2 czenas 
655 9 |a Czech fiction  |2 eczenas 
655 9 |a science fiction novels  |2 eczenas 
830 0 |a Fantastická Epocha 
900 |a ABA001  |b 19 
044 |a xr 
910 |a RBIT002 
998 |d 206084  |a https://core.palmknihy.cz/api/books/206084/cover?q8w9c0  |b https://core.palmknihy.cz/api/books/206084/cover/400?q8w9c0  |c https://core.palmknihy.cz/api/books/206084/cover/50?q8w9c0  |e 2028-04-16  |g 480  |i 9788075572462  |j https://core.palmknihy.cz/api/books/206084/preview.epub  |k https://core.palmknihy.cz/api/books/206084/preview.pdf  |l   |q 49  |r 1  |s https://www.palmknihy.cz/kniha/206084  |t ebook  |y 2020  |z 0 
999 |d 311176